000 00309nam a2200133Ia 4500
008 220216s9999 xx 000 0 und d
100 _aJames
245 0 _aSwitch ittal latex kittumo ?
260 _bKarshakasree
_c2020
300 _a69
650 _aChina
650 _aRubber tapping machine
942 _cJS
999 _c70105
_d70105